<?xml version="1.0" encoding="UTF-8"?><?xml-stylesheet type="text/xsl" href="static/style.xsl"?><OAI-PMH xmlns="http://www.openarchives.org/OAI/2.0/" xmlns:xsi="http://www.w3.org/2001/XMLSchema-instance" xsi:schemaLocation="http://www.openarchives.org/OAI/2.0/ http://www.openarchives.org/OAI/2.0/OAI-PMH.xsd"><responseDate>2026-04-27T08:19:49Z</responseDate><request verb="GetRecord" identifier="oai:uvadoc.uva.es:10324/29194" metadataPrefix="marc">https://uvadoc.uva.es/oai/request</request><GetRecord><record><header><identifier>oai:uvadoc.uva.es:10324/29194</identifier><datestamp>2022-03-24T13:06:59Z</datestamp><setSpec>com_10324_38</setSpec><setSpec>col_10324_852</setSpec></header><metadata><record xmlns="http://www.loc.gov/MARC21/slim" xmlns:doc="http://www.lyncode.com/xoai" xmlns:xsi="http://www.w3.org/2001/XMLSchema-instance" xmlns:dcterms="http://purl.org/dc/terms/" xsi:schemaLocation="http://www.loc.gov/MARC21/slim http://www.loc.gov/standards/marcxml/schema/MARC21slim.xsd">
<leader>00925njm 22002777a 4500</leader>
<datafield tag="042" ind1=" " ind2=" ">
<subfield code="a">dc</subfield>
</datafield>
<datafield tag="720" ind1=" " ind2=" ">
<subfield code="a">Aparicio García, Carlos</subfield>
<subfield code="e">author</subfield>
</datafield>
<datafield tag="260" ind1=" " ind2=" ">
<subfield code="c">2017</subfield>
</datafield>
<datafield tag="520" ind1=" " ind2=" ">
<subfield code="a">A lo largo de este trabajo se intentará arrojar cierta luz sobre la percepción de la cultura inglesa y lo que significa hoy en día. A través de una pequeña investigación se desarrollará el concepto de lo “británico” que se tiene hoy en día, y una vez aclarado, se buscará transmitir la enseñanza del idioma mediante el trabajo de un evento o celebración popular del Reino Unido (concretamente en el críquet) basada en una metodología híbrida comunicativa. El potencial educativo que ofrece el críquet al aplicarlo en el aula, desde la investigación de sus orígenes y su historia hasta su posterior práctica, lo hace muy adecuado para desarrollar este proyecto.&#xd;
Tras desarrollar la propuesta didáctica se llegará a la conclusión de la importancia que tiene la cultura que yace detrás de un idioma a la hora de aprenderlo.</subfield>
</datafield>
<datafield tag="024" ind2=" " ind1="8">
<subfield code="a">http://uvadoc.uva.es/handle/10324/29194</subfield>
</datafield>
<datafield tag="245" ind1="0" ind2="0">
<subfield code="a">What is “Britishness” in the 21th Century?</subfield>
</datafield>
</record></metadata></record></GetRecord></OAI-PMH>